Städte mit mehr als einem Verein in der 2. Bundesliga - Statistiken

Allgemein
  • Dieses Quiz wurde 140 mal gespielt
  • Das Durchschnittsergebnis liegt bei 10 aus 16
Antwortstatistiken
Anzahl Vereine Stadt + Vereine % Korrekt
3 Hamburg (St. Pauli, Hamburger SV, HSV Barmbek-Uhlenhorst)
99%
7 Berlin (Hertha, Union, Tennis Borussia, Blau-Weiss 90, Wacker 04, SC Charlottenburg, Spandauer SV)
98%
3 Köln (Fortuna, 1. FC, SC Viktoria)
90%
2 Stuttgart (Kickers, VfB)
90%
2 Frankfurt (FSV, Eintracht)
89%
2 Leipzig (VfB, RB)
87%
3 Hannover (96, SV Arminia, OSV)
72%
2 Essen (Rot-Weiss, Schwarz-Weiß)
65%
2 Bochum (SG Wattenscheid 09, VfL Bochum)
60%
2 Freiburg (SC Freiburg, Freiburger FC)
57%
2 Mannheim (SV Waldhof, VfR)
52%
3 Ingolstadt (FC, ESV, MTV)
30%
2 Würzburg (FV 04, Kickers)
25%
2 Paderborn (SC Paderborn, TuS Schloß Neuhaus)
24%
2 Gütersloh (DJK, FC)
10%
2 Herne (Westfalia Herne, DSC Wanne-Eickel)
8%
Keine übereinstimmenden Quizze gefunden
Verteilung der Resultate
Anzahl Personen mit jedem Resultat
Perzentil nach korrekt beantworteten Fragen
Ihre Resultats-Entwicklung
Sie haben dieses Quiz noch nicht gespielt